THE HOUR OF THE LEOPARD (Record no. 2957)
[ view plain ]
| 000 -LEADER | |
|---|---|
| fixed length control field | 00567nam a22001457a 4500 |
| 020 ## - INTERNATIONAL STANDARD BOOK NUMBER | |
| ISBN | 978-93-88292-06-1 |
| 082 ## - DEWEY DECIMAL CLASSIFICATION NUMBER | |
| Classification number | 823 |
| Item number | COR/H |
| 100 ## - MAIN ENTRY--AUTHOR NAME | |
| Personal name | CORBETT, JIM |
| 245 ## - TITLE STATEMENT | |
| Title | THE HOUR OF THE LEOPARD |
| 260 ## - PUBLICATION, DISTRIBUTION, ETC. (IMPRINT) | |
| Place of publication | DELHI |
| Name of publisher | ALEPH BOOK COMPANY |
| Year of publication | 2018 |
| 300 ## - PHYSICAL DESCRIPTION | |
| Number of Pages | 186 |
| 520 ## - SUMMARY, ETC. | |
| Summary, etc | The Hour of the Leopard brings together, for the first time, all the stories Corbett wrote about hunting leopards, including an account of the first leopard he ever shot as well as his stories about dispatching the man-eaters of Panar and Rudraprayag. |
| 650 ## - SUBJECT ADDED ENTRY--TOPICAL TERM | |
| Topical Term | NOVEL |
| Geographic subdivision | INDIA |
| 942 ## - ADDED ENTRY ELEMENTS (KOHA) | |
| Koha item type | Books |
| Withdrawn status | Lost status | Collection code | Home library | Current library | Shelving location | Date acquired | Source of acquisition | Cost, normal purchase price | Full call number | Accession Number | Koha item type |
|---|---|---|---|---|---|---|---|---|---|---|---|
| Fiction | Main Library | Main Library | SHELF-14C- ALPHABETICAL -C--ENGLISH NOVELS & FICTIONS | 23/01/2019 | purchase | 399.00 | 823 COR/H | 10576 | Books |